• 首页
  • 本馆介绍
  • 公告通知
  • 最新文献
  • 馆藏检索
  • 电子资源
  • 读者导购
  • 参考咨询
  • 我的图书馆
  • 登录
  • 详细信息显示
  • 放入我的书架
  • 预约/预借图书
  • 作者相关作品
  • 分类相关作品
  • 丛书相关作品
  • 出版社相关作品

书目信息

  • 表格格式
  • 工作单格式
  • 卡片格式
题名:
分子放射生物学
    
 
作者: 德廷格 , 容克 著 ;中国科学院生物物理研究所一室二组 译
分册:  
出版信息: 北京   科学出版社  1975
页数: 270页
开本: 19cm
丛书名:
单 册:
中图分类: Q691 , Q7
科图分类:
主题词: 放射生物学 , 分子生物学
电子资源:
ISBN:
000 00855nam0 2200277 45
001 0175004086
005 20040525094123.5
010    @dCNY0.90
100    @a19951031d1975 em y0chiy0121 ea
101 1  @achi@cger
102    @aCN@b110000
105    @ay z 000yy
106    @ar
200 10 @a分子放射生物学@Afen zi fang she sheng wu xue@f(西德)H.德廷格,H.容克著@g中国科学院生物物理研究所一室二组译
210    @a北京@c科学出版社@d1975
215    @a270页@d19cm
606    @a放射生物学
606 0  @a分子生物学
690    @aQ691@v3
690    @aQ7
701  1 @a德廷格@Ade ting ge@bH.@4著
701  1 @a容克@Arong ke@bH.@4著
712 02 @a中国科学院生物物理研究所一室二组@Azhong guo ke xue yuan sheng wu wu li yan jiu suo yi shi er zu@4译
801  0 @aCN@b广东省中山图书馆@c20040525
801  2 @aCN@bNLC@c20040525
905    @f2@b11852-853@dQ7@e2
    
    分子放射生物学/(西德)H.德廷格,H.容克著/中国科学院生物物理研究所一室二组译.-北京:科学出版社,1975
    270页;19cm
    
    
    ISBN :CNY0.90
    
●
相关链接 在E读中查询图书 在五车中查询图书 在当当中查询图书 在豆瓣中查询图书


正题名:分子放射生物学     索取号:Q7/2         预约/预借

序号 登录号 条形码 馆藏地/架位号 状态 备注
1 0011852   000703527   第二样本阅览室/ [索取号:Q7/2] 在馆    
2 0011853   000703518   第三借阅区/ [索取号:Q7/2] 在馆    
唐山师范学院图书馆 欢迎您!
大连网信软件有限公司© 版权所有